LEADER 01051nam a2200253 a 4500 001 000000147787 003 CaOOAMICUS 005 20151130100521.0 008 151130s1965 fr u000 u fre r 032 $aLibriCat 040 $aPUL$bita 100 1 $aVanier, Jean,$d1928-$0(OLS)http://pul/name/42734 245 13$aLe bonheur :$bprincipe et fin de la morale aristotélicienne /$cJean Vanier. 260 $aParis :$bDesclée de Brouwer,$c©1965. 300 $a498 p. ;$c22 cm. 490 1 $aTextes et études philosophiques 650 4$aFelicità$xFilosofia.$0(OLS)http://pul/subject/41296 830 0$aTextes et études philosophiques.$0(OLS)http://pul/title/15746 850 $aPUL 852 $aPUL$W1$xDP1 Fondo Bordoni$y120$m2 B 85$j156999$qFondi$B171591$CPULBib$Z2$F171591 $HBor761 $81 941 1 $a1 996 $6245$aLe bonheur :$bprincipe et fin de la morale aristotélicienne$9(OLS)http://pul/title/186488 996 $6260$aParis :$bDesclée de Brouwer$9(OLS)http://pul/publisher/49456 LEADER 01516nam a2200325 a 4500 001 000000124858 003 CaOOAMICUS 005 20110330123131.0 008 110330s2010 it u000 u ita r 020 $a978-88-348-1419-2 040 $aPUL$bita 082 04$a346.45 245 00$aAbuso del diritto e buona fede nei contratti /$cR. Calvo ... [et al.] ; a cura di Stefano Pagliantini. 260 $aTorino :$bG. Giappichelli,$c©2010. 300 $aXI, 345 p. ;$c23 cm 490 1 $aPrincìpi, regole e sistema. Biblioteca di diritto privato. Sezione miscellanea ;$v2 504 $aBibliografia in nota. 650 4$aDiritto privato$zItalia.$0(OLS)http://pul/subject/1235 650 4$aContratti$zItalia.$0(OLS)http://pul/subject/34565 700 1 $aPagliantini, Stefano.$0(OLS)http://pul/name/77136 700 1 $aCalvo, Roberto,$d1965-$0(OLS)http://pul/name/71610 830 0$aPrincìpi, regole e sistema$pBiblioteca di diritto privato$pSezione miscellanea ;$v2.$0(OLS)http://pul/title/157418 850 $aPUL 852 $aPUL$W1$xSL Diritto e Scienze Sociali 3$y79$m346. 45 PAGST 1$j143776$qDDC 21$B142789$CPULBib$Z2$F142789 $H116302 $82 941 1 $a9 996 $6020$a978-88-348-1419-2$9(OLS)http://pul/number/146807 996 $6082$a346.45$9(OLS)http://pul/classification/372 996 $6245$aAbuso del diritto e buona fede nei contratti$9(OLS)http://pul/title/157417 996 $6260$aTorino :$bG. Giappichelli$9(OLS)http://pul/publisher/49130